Central Library OPAC University of Rajshahi

Fluid dynamics / (Record no. 8939)

MARC details
000 -LEADER
fixed length control field 00775cam a22002531 4500
001 - CONTROL NUMBER
control field 8939
003 - CONTROL NUMBER IDENTIFIER
rucl marc code BD-RjUL
005 - DATE AND TIME OF LATEST TRANSACTION
control field 20211208234701.0
008 - FIXED-LENGTH DATA ELEMENTS--GENERAL INFORMATION
fixed length control field 140120r19591966stka 001 0 eng
035 ## - SYSTEM CONTROL NUMBER
System control number (BD-RjUL)8984
040 ## - CATALOGING SOURCE
Original cataloging agency DLC/ICU
Transcribing agency ICU
Modifying agency DLC
-- BD-RjUL
Language of cataloging eng
041 ## - LANGUAGE CODE
Language code of text/sound track or separate title eng
082 00 - DEWEY DECIMAL CLASSIFICATION NUMBER
Classification number 532
Author mark and year RUF 1966
100 1# - MAIN ENTRY--PERSONAL NAME
Personal name Rutherford, D. E.
Fuller form of name (Daniel Edwin),
Dates associated with a name 1906-
9 (RLIN) 20761
245 00 - TITLE STATEMENT
Title Fluid dynamics /
Statement of responsibility, etc. D. E. Rutherford
260 ## - PUBLICATION, DISTRIBUTION, ETC. (IMPRINT)
Place of publication, distribution, etc. Edinburgh ;
Name of publisher, distributor, etc. Oliver and Boyd;
Place of publication, distribution, etc. New York :
Name of publisher, distributor, etc. Interscience Publishers ,
Date of publication, distribution, etc. c1959 [Reprinted 1966].
300 ## - PHYSICAL DESCRIPTION
Pagination ix, 226 p. :
Illustrations illus. ;
Size 19 cm.
504 ## - BIBLIOGRAPHY, ETC. NOTE
Bibliography, etc Includes index.
650 #0 - SUBJECT ADDED ENTRY--TOPICAL TERM
Topical term or geographic name as entry element Fluid dynamics.
9 (RLIN) 19874
942 ## - ADDED ENTRY ELEMENTS (KOHA)
Source of classification or shelving scheme Dewey Decimal Classification
Koha item type Books
Holdings
Lost status Source of classification or shelving scheme Damaged status Not for loan Collection code Permanent Location Current Location Shelving location Date acquired Source of acquisition Cost, normal purchase price Total Checkouts Full call number Date last seen Copy number Koha item type
  Dewey Decimal Classification     Non-fiction Central Library, University of Rajshahi Central Library, University of Rajshahi   14/10/1969 Zeitlinger 17.60   532 RUF 1966 20/01/2014 C-7 Books
  Dewey Decimal Classification   Not For Loan Non-fiction Central Library, University of Rajshahi Central Library, University of Rajshahi Reading Room 02/04/2017   17.60   532 RUF 1966 02/04/2017 C-1 Books
  Dewey Decimal Classification     Non-fiction Central Library, University of Rajshahi Central Library, University of Rajshahi   14/10/1969 Zeitlinger 17.60   532 RUF 1966 07/05/2017 C-2 Books
  Dewey Decimal Classification     Non-fiction Central Library, University of Rajshahi Central Library, University of Rajshahi   14/10/1969 Zeitlinger 17.60   532 RUF 1966 07/05/2017 C-3 Books
  Dewey Decimal Classification     Non-fiction Central Library, University of Rajshahi Central Library, University of Rajshahi   14/10/1969 Zeitlinger 17.60   532 RUF 1966 07/05/2017 C-4 Books
  Dewey Decimal Classification     Non-fiction Central Library, University of Rajshahi Central Library, University of Rajshahi   14/10/1969 Zeitlinger 17.60   532 RUF 1966 07/05/2017 C-5 Books
  Dewey Decimal Classification     Non-fiction Central Library, University of Rajshahi Central Library, University of Rajshahi   14/10/1969 Zeitlinger 17.60   532 RUF 1966 07/05/2017 C-6 Books
  Dewey Decimal Classification     Non-fiction Central Library, University of Rajshahi Central Library, University of Rajshahi   14/10/1969 Zeitlinger 17.60   532 RUF 1966 07/05/2017 C-8 Books
  Dewey Decimal Classification     Non-fiction Central Library, University of Rajshahi Central Library, University of Rajshahi   14/10/1969 Zeitlinger 17.60   532 RUF 1966 07/05/2017 C-9 Books
  Dewey Decimal Classification     Non-fiction Central Library, University of Rajshahi Central Library, University of Rajshahi   14/10/1969 Zeitlinger 17.60   532 RUF 1966 07/05/2017 C-10 Books